Season 2 Weight Loss - Harry Styles (All Lyrics) - Statistics

General Stats
  • This quiz has been taken 42 times
  • The average score is 243 of 292
Answer Stats
Lyrics % Correct
Do
100%
(Do
100%
I
100%
love
100%
(Love
100%
Love
100%
me
100%
now
100%
now?
100%
now)
100%
you
100%
you?
100%
You
100%
you?)
100%
a
96%
down
96%
down?
96%
hold
96%
let
96%
Let
96%
your
96%
yourself
96%
Holding,
92%
holding
92%
Hoping
92%
out
92%
will
92%
are
88%
in
88%
in,
88%
sit
88%
sometimes
88%
the
88%
around
84%
for
84%
got
84%
to
84%
come
80%
if
80%
It's
80%
my
80%
sale
80%
you're
80%
You're
80%
know
76%
And
72%
Aren't
72%
cashin'
72%
cold?
72%
of
72%
tell
72%
You've
72%
all
68%
but
68%
But
68%
hard
68%
light
64%
own
64%
thoughts
64%
when
64%
at
60%
Too
60%
here
56%
old
56%
once
56%
something
56%
while
56%
gets
52%
harder
52%
kind
52%
many
52%
nothing
52%
or
52%
sad
52%
arms
48%
been
48%
eyes
48%
hat
48%
huh,
48%
huh
48%
piece
48%
things
48%
Uh
48%
uh
48%
want
48%
we're
48%
closed
44%
there's
44%
with
44%
could've
40%
steaming
36%
swinging
36%
analyse
28%
No matching quizzes found
Score Distribution
Percent of People with Each Score
Percentile by Number Answered
Your Score History
You have not taken this quiz